00346nam a2200145Ia 4500008004100000041000800041082000800049100002700057245004600084250000800130260002300138300000800161542001500169650001600184220531s9999 xx 000 0 und d aeng bPAT aPatil, S. R. &. Others aVector Calculus (maths. Sem-ii, Paper-ii) a3RD aPunebNiralic2012 aP.1 d22-06-2013 aMathematics